[Event "Asian Cities-chT"]
[Site "Khanty-Mansiysk"]
[Date "2024.04.24"]
[Round "4.2"]
[White "Movahed, Sina"]
[Black "Thilakarathne, GM Harshana"]
[Result "1-0"]
[WhiteElo "2463"]
[BlackElo "2363"]
[PlyCount "59"]
[EventDate "2024.04.21"]
[EventType "team-swiss"]
[EventRounds "9"]
[EventCountry "RUS"]
[SourceTitle "CB18_2024"]
[SourceDate "2024.05.01"]
[SourceVersion "1"]
[SourceVersionDate "2024.05.01"]
[SourceQuality "2"]
[WhiteTeam "Tehran"]
[BlackTeam "Colombo"]
[WhiteTeamCountry "IRI"]
[BlackTeamCountry "SRI"]

1. e4 c5 2. Nf3 d6 3. d4 cxd4 4. Nxd4 Nf6 5. Nc3 Nc6 6. Bg5 e6 7. Qd3 a6 8. Nxc6 bxc6 9. 0-0-0 Qa5 10. f4 d5 11. exd5 cxd5 12. Qe2 Rb8 13. Bxf6 gxf6 14. Nxd5 Bg7 15. Qe3 f5 16. c3 Bb7 17. Qg3 0-0 18. Nf6+ Kh8 19. Nh5 Rg8 20. a3 Be4 21. Nxg7 Rxb2 22. Kxb2 Qb6+ 23. Ka1 Qb3 24. Bc4 Qxc4 25. Qf2 Bd5 26. Nh5 e5 27. Rxd5 Qxd5 28. Qb6 Rg6 29. Qb8+ Rg8 30. Qxg8+ 1-0

[Event "Asian Cities-chT"]
[Site "Khanty-Mansiysk"]
[Date "2024.04.22"]
[Round "2.2"]
[White "Thilakarathne, GM Harshana"]
[Black "Wazwaz, Amjad"]
[Result "1-0"]
[WhiteElo "2363"]
[BlackElo "1959"]
[PlyCount "67"]
[EventDate "2024.04.21"]
[EventType "team-swiss"]
[EventRounds "9"]
[EventCountry "RUS"]
[SourceTitle "CB18_2024"]
[SourceDate "2024.05.01"]
[SourceVersion "1"]
[SourceVersionDate "2024.05.01"]
[SourceQuality "2"]
[WhiteTeam "Colombo"]
[BlackTeam "Al Quds"]
[WhiteTeamCountry "SRI"]
[BlackTeamCountry "PLE"]

1. e4 c6 2. d4 d5 3. e5 Bf5 4. Nf3 e6 5. Be2 Nd7 6. Nbd2 c5 7. 0-0 g5 8. dxc5 Bxc5 9. Nb3 Be7 10. Nfd4 Bg6 11. f4 gxf4 12. Bxf4 a6 13. c4 dxc4 14. Bxc4 Nc5 15. Qf3 Qb6 16. Kh1 0-0-0 17. Rac1 Kb8 18. Nxc5 Rxd4 19. Nb3 Rd7 20. Be3 Qd8 21. Rfd1 Rxd1+ 22. Rxd1 Qc7 23. Rc1 Qd7 24. Na5 Bb4 25. Rd1 Be4 26. Rxd7 Bxf3 27. Bb6 Ne7 28. gxf3 Rc8 29. Rxb7+ Ka8 30. Rc7 Rxc7 31. Bxc7 Ka7 32. Bd6 Bxa5 33. Bxe7 Bd2 34. Bd3 1-0

[Event "SRI-ch"]
[Site "Colombo"]
[Date "2024.03.31"]
[Round "12"]
[White "Thilakarathne, GM Harshana"]
[Black "Bandara, Dhanushka"]
[Result "1-0"]
[WhiteElo "2366"]
[BlackElo "1883"]
[PlyCount "77"]
[EventDate "2024.03.22"]
[EventType "tourn"]
[EventRounds "13"]
[EventCountry "SRI"]
[SourceTitle "CB15_2024"]
[SourceDate "2024.04.10"]
[SourceVersion "1"]
[SourceVersionDate "2024.04.10"]
[SourceQuality "1"]

1. e4 c6 2. d4 d5 3. e5 Bf5 4. Nf3 e6 5. Be2 Bb4+ 6. Nbd2 Ba5 7. 0-0 Nd7 8. c4 Ne7 9. cxd5 cxd5 10. Nh4 Rc8 11. Nxf5 Nxf5 12. Nf3 Bb6 13. Bg5 f6 14. exf6 gxf6 15. Bf4 0-0 16. Bd3 Ng7 17. Qb1 f5 18. Qe1 Nf6 19. a4 a5 20. Ra3 Ne4 21. Rb3 Nh5 22. Be5 Nhf6 23. Bxe4 Nxe4 24. Nd2 Nf6 25. Rg3+ Kh8 26. Nf3 Rg8 27. Ng5 Qe7 28. Bd6 Qd7 29. Qe5 Rg6 30. Nxe6 Re8 31. Rxg6 Rxe6 32. Rxf6 Rxe5 33. Bxe5 Kg8 34. Rxb6 Qc8 35. Rb5 b6 36. Rxb6 Qc4 37. Rb7 h6 38. Rc7 Qxa4 39. Rfc1 1-0

[Event "SRI-ch"]
[Site "Colombo"]
[Date "2024.03.30"]
[Round "11"]
[White "Wijerathna, Vinuka Dihain"]
[Black "Thilakarathne, GM Harshana"]
[Result "1/2-1/2"]
[WhiteElo "1744"]
[BlackElo "2366"]
[PlyCount "51"]
[EventDate "2024.03.22"]
[EventType "tourn"]
[EventRounds "13"]
[EventCountry "SRI"]
[SourceTitle "CB15_2024"]
[SourceDate "2024.04.10"]
[SourceVersion "1"]
[SourceVersionDate "2024.04.10"]
[SourceQuality "1"]

1. e4 c5 2. Nf3 d6 3. Bb5+ Nd7 4. d4 cxd4 5. Qxd4 a6 6. Bxd7+ Bxd7 7. Nc3 Bc6 8. 0-0 e5 9. Qd3 h6 10. a4 Nf6 11. b3 Be7 12. Ba3 0-0 13. Rfd1 Qe8 14. Qe2 Rd8 15. Rd2 Rd7 16. Rad1 Qb8 17. Ne1 b5 18. axb5 axb5 19. Bb4 Ne8 20. Nd5 Bg5 21. Rd3 f5 22. exf5 Rxf5 23. Nf3 Rdf7 24. g4 Rf4 25. Nxg5 Rxf2 26. Qxf2 1/2-1/2

[Event "SRI-ch"]
[Site "Colombo"]
[Date "2024.03.29"]
[Round "8"]
[White "De Silva, LMST"]
[Black "Thilakarathne, GM Harshana"]
[Result "1/2-1/2"]
[WhiteElo "2362"]
[BlackElo "2366"]
[PlyCount "43"]
[EventDate "2024.03.22"]
[EventType "tourn"]
[EventRounds "13"]
[EventCountry "SRI"]
[SourceTitle "CB15_2024"]
[SourceDate "2024.04.10"]
[SourceVersion "1"]
[SourceVersionDate "2024.04.10"]
[SourceQuality "1"]

1. e4 c5 2. c3 d5 3. exd5 Qxd5 4. d4 e6 5. Nf3 Nf6 6. Na3 a6 7. Nc4 Nbd7 8. Ne3 Qc6 9. Be2 b6 10. Ne5 Qc7 11. Bf3 Bb7 12. Nxd7 Qxd7 13. Nc4 Nd5 14. dxc5 Bxc5 15. b4 b5 16. bxc5 bxc4 17. Qd4 0-0 18. Qxc4 a5 19. Ba3 Ba6 20. Qd4 Qb5 21. c4 Qxc4 22. Qxc4 1/2-1/2

[Event "SRI-ch"]
[Site "Colombo"]
[Date "2024.03.29"]
[Round "9"]
[White "Thilakarathne, GM Harshana"]
[Black "Senevirathne, SDBK"]
[Result "1-0"]
[WhiteElo "2366"]
[BlackElo "1866"]
[PlyCount "85"]
[EventDate "2024.03.22"]
[EventType "tourn"]
[EventRounds "13"]
[EventCountry "SRI"]
[SourceTitle "CB15_2024"]
[SourceDate "2024.04.10"]
[SourceVersion "1"]
[SourceVersionDate "2024.04.10"]
[SourceQuality "1"]

1. e4 e5 2. Nf3 Nc6 3. Bb5 a6 4. Ba4 Nf6 5. Nc3 b5 6. Bb3 Be7 7. a4 Bb7 8. d3 Nd4 9. Ba2 b4 10. Nxe5 b3 11. Bxb3 Nxb3 12. cxb3 d5 13. 0-0 0-0 14. Qc2 Re8 15. Nf3 Bb4 16. Bg5 c6 17. Rad1 h6 18. Bh4 g5 19. Bg3 Rc8 20. Nd4 Nh5 21. Nf5 Qf6 22. f3 Ng7 23. Nxg7 Qxg7 24. Kh1 h5 25. h4 Be7 26. Qf2 Kh8 27. hxg5 Qxg5 28. Ne2 Rg8 29. Bf4 Qg6 30. Nd4 Bc5 31. Be3 Bd6 32. Nf5 Bc7 33. Rd2 Rce8 34. Bd4+ Kh7 35. Qh4 Bd8 36. Qh3 Bc8 37. g4 Bc7 38. Be3 f6 39. Rc2 Bd7 40. Rg1 Bb8 41. Rcg2 Bxf5 42. gxf5 Qf7 43. Rg6 1-0

[Event "SRI-ch"]
[Site "Colombo"]
[Date "2024.03.25"]
[Round "6"]
[White "Ahangama, Senuka Aswin"]
[Black "Thilakarathne, GM Harshana"]
[Result "0-1"]
[WhiteElo "1752"]
[BlackElo "2366"]
[PlyCount "72"]
[EventDate "2024.03.22"]
[EventType "tourn"]
[EventRounds "13"]
[EventCountry "SRI"]
[SourceTitle "CB15_2024"]
[SourceDate "2024.04.10"]
[SourceVersion "1"]
[SourceVersionDate "2024.04.10"]
[SourceQuality "1"]

1. d4 Nf6 2. c4 e6 3. Nf3 b6 4. g3 Bb7 5. Bg2 Be7 6. 0-0 0-0 7. Nc3 Ne4 8. Bd2 Nxc3 9. Bxc3 Be4 10. d5 c5 11. dxc6 Nxc6 12. Ne5 Bxg2 13. Kxg2 Nxe5 14. Bxe5 d6 15. Bf4 Rc8 16. b3 Rc5 17. e4 f5 18. exf5 Rcxf5 19. Qd3 Qa8+ 20. Kg1 g5 21. Bd2 R8f6 22. Bc3 Rf3 23. Qd2 Rh6 24. Rae1 Qe8 25. Re3 Qh5 26. h4 Rxe3 27. fxe3 gxh4 28. Qd4 e5 29. Qd5+ Kg7 30. Rf3 Rg6 31. Qd1 Rf6 32. Kg2 h3+ 33. Kf2 h2 34. g4 Qxg4 35. Bxe5 dxe5 36. Qh1 Rxf3+ 0-1

[Event "SRI-ch"]
[Site "Colombo"]
[Date "2024.03.23"]
[Round "2"]
[White "Kodithuwakku, KK Dinujaya"]
[Black "Thilakarathne, GM Harshana"]
[Result "1/2-1/2"]
[WhiteElo "1707"]
[BlackElo "2366"]
[PlyCount "80"]
[EventDate "2024.03.22"]
[EventType "tourn"]
[EventRounds "13"]
[EventCountry "SRI"]
[SourceTitle "CB15_2024"]
[SourceDate "2024.04.10"]
[SourceVersion "1"]
[SourceVersionDate "2024.04.10"]
[SourceQuality "1"]

1. d4 Nf6 2. Nc3 d5 3. Bf4 c5 4. e4 Nxe4 5. Nxe4 dxe4 6. dxc5 Qxd1+ 7. Rxd1 Nc6 8. f3 e5 9. Be3 Bf5 10. c3 a5 11. a4 Be7 12. Bc4 0-0 13. fxe4 Bxe4 14. Nf3 Rad8 15. 0-0 Rxd1 16. Rxd1 Rd8 17. Rxd8+ Bxd8 18. Bd2 Kf8 19. b4 f6 20. b5 Nb8 21. Be3 Bc2 22. Bd5 Bxa4 23. c4 Nc6 24. bxc6 bxc6 25. Be4 g6 26. g4 Ke7 27. Nd2 Kd7 28. Kf2 Bd1 29. h3 Ba4 30. Ke2 Ke6 31. Nb1 f5 32. Nc3 Bb3 33. Bxc6 Bxc4+ 34. Kd2 Bf1 35. Bd5+ Kd7 36. c6+ Kd6 37. Bh6 Bxh3 38. Bf8+ Kc7 39. gxf5 Bxf5 40. Bc5 Kc8 1/2-1/2

[Event "SRI-ch"]
[Site "Colombo"]
[Date "2024.03.22"]
[Round "1"]
[White "Thilakarathne, GM Harshana"]
[Black "Dandeniya, DDLN"]
[Result "1-0"]
[WhiteElo "2366"]
[BlackElo "1800"]
[PlyCount "99"]
[EventDate "2024.03.22"]
[EventType "tourn"]
[EventRounds "13"]
[EventCountry "SRI"]
[SourceTitle "CB15_2024"]
[SourceDate "2024.04.10"]
[SourceVersion "1"]
[SourceVersionDate "2024.04.10"]
[SourceQuality "1"]

1. e4 e6 2. d4 d5 3. e5 c5 4. c3 Nc6 5. Nf3 Qb6 6. Bd3 Bd7 7. 0-0 cxd4 8. Re1 Nge7 9. h4 h5 10. Na3 g6 11. cxd4 Nf5 12. Bxf5 gxf5 13. Re3 a6 14. Nc2 Na5 15. b3 Rc8 16. Ng5 Nc6 17. Bb2 Be7 18. Rg3 Kf8 19. Rc1 a5 20. a4 Rb8 21. Ne1 Nb4 22. Nd3 Nxd3 23. Rxd3 Bc6 24. Rc2 Qd8 25. Qc1 Bb4 26. Ba3 Qe7 27. Bxb4 Qxb4 28. Nh3 Qe7 29. g3 Ke8 30. Rc5 Kd7 31. Rxa5 Rhc8 32. Rc5 b6 33. Rc2 Bb7 34. Rdc3 Rxc3 35. Rxc3 Rc8 36. Rxc8 Bxc8 37. Nf4 Qb4 38. Qd1 Ba6 39. Nxh5 Qc3 40. Nf4 Ke7 41. h5 Qc8 42. h6 Qh8 43. Qh5 b5 44. Qg5+ Ke8 45. Qg7 Qf8 46. Nh5 Qb4 47. h7 Qe1+ 48. Kg2 Qe4+ 49. Kh2 Qf3 50. h8Q+ 1-0

[Event "Bangalore op 1st"]
[Site "Bangalore"]
[Date "2024.01.18"]
[Round "1"]
[White "Vignesh, Advaith Vemula"]
[Black "Thilakarathne, GM Harshana"]
[Result "0-1"]
[WhiteElo "2028"]
[BlackElo "2391"]
[PlyCount "136"]
[EventDate "2024.01.18"]
[EventType "swiss"]
[EventRounds "10"]
[EventCountry "IND"]
[SourceTitle "CB05_2024"]
[SourceDate "2024.01.31"]
[SourceVersion "1"]
[SourceVersionDate "2024.01.31"]
[SourceQuality "1"]

1. e4 e5 2. Nf3 Nc6 3. Bb5 a6 4. Ba4 g6 5. c3 Bg7 6. d4 exd4 7. cxd4 b5 8. Bb3 Nge7 9. 0-0 d6 10. h3 0-0 11. Nc3 Na5 12. Bc2 c5 13. Bf4 cxd4 14. Nxd4 Nc4 15. b3 Na3 16. Nce2 Nxc2 17. Qxc2 Bb7 18. Rad1 Rc8 19. Qd3 Re8 20. Rfe1 Qb6 21. Ng3 b4 22. Nde2 d5 23. e5 Nc6 24. Be3 d4 25. Nxd4 Nxe5 26. Qe2 Qf6 27. Qd2 Nc6 28. Nf3 Red8 29. Qe2 Ne5 30. Rxd8+ Rxd8 31. Nxe5 Qxe5 32. Rd1 Rxd1+ 33. Qxd1 Qd5 34. Qxd5 Bxd5 35. Ne2 Be4 36. Bc5 Bb1 37. Bxb4 Bxa2 38. Nc1 Bb1 39. Bd2 Kf8 40. Kf1 Ke7 41. Ke2 Kd6 42. Bf4+ Kc6 43. Kd2 Be4 44. g3 f6 45. h4 h6 46. Nd3 g5 47. hxg5 fxg5 48. Be5 Bf8 49. Bf6 Kb5 50. Kc3 Bd5 51. f4 gxf4 52. Nxf4 Bf7 53. Nd3 Bd6 54. Be5 Be7 55. Bd4 Be6 56. Nf4 Bb4+ 57. Kb2 Bg4 58. Nd5 Bd6 59. Nc3+ Kc6 60. Ne4 Bc7 61. Bf2 Bf5 62. Nc3 Be5 63. Be1 Kc5 64. Ka3 Kd4 65. Bd2 Kd3 66. Bxh6 Bxc3 67. Bf8 Kc2 68. b4 Bd7 0-1

[Event "Western Asia-ch U20"]
[Site "Colombo"]
[Date "2023.12.05"]
[Round "9"]
[White "Thilakarathne, GM Harshana"]
[Black "De Silva, LMST"]
[Result "1-0"]
[WhiteElo "2389"]
[BlackElo "2394"]
[PlyCount "137"]
[EventDate "2023.11.30"]
[EventType "swiss"]
[EventRounds "9"]
[EventCountry "SRI"]
[SourceTitle "CB50_2023"]
[SourceDate "2023.12.13"]
[SourceVersion "1"]
[SourceVersionDate "2023.12.13"]
[SourceQuality "1"]

1. d4 Nf6 2. Bg5 d5 3. Bxf6 exf6 4. e3 Bd6 5. g3 0-0 6. Bg2 c6 7. Ne2 Bf5 8. Nd2 Qd7 9. 0-0 Bh3 10. Bxh3 Qxh3 11. c4 dxc4 12. Nxc4 Bc7 13. Nc3 Nd7 14. Qf3 Rfd8 15. b4 Qe6 16. Nd2 Rac8 17. Rfc1 Bd6 18. a3 f5 19. Na4 g6 20. Rc2 Nf6 21. Nc5 Qe7 22. Rb1 Nd5 23. Kg2 Bxc5 24. Rxc5 Nc7 25. h4 Rd5 26. a4 Rcd8 27. Nb3 Ne6 28. Rxd5 Rxd5 29. Na5 Qc7 30. Nc4 a6 31. Ne5 h5 32. Rb2 Kg7 33. Nd3 Qd7 34. Nc1 Nc7 35. Ne2 Rd6 36. Nf4 Ne6 37. Nd3 Rd5 38. Ne5 Qc7 39. Kh2 Kg8 40. Qe2 Kg7 41. Qc4 Qd6 42. Nd3 Kg8 43. Qc3 Kh7 44. Nc1 g5 45. hxg5 Nxg5 46. Nd3 h4 47. Nf4 Qh6 48. Kg2 Rd6 49. Qd3 Rf6 50. Qe2 Ne6 51. Nxe6 fxe6 52. Rb1 Qg5 53. Rh1 Rh6 54. Qf3 Kg6 55. Rh3 Rh7 56. e4 Kf6 57. exf5 exf5 58. d5 cxd5 59. Qxd5 f4 60. Qxg5+ Kxg5 61. Rxh4 Rxh4 62. gxh4+ Kg4 63. h5 Kxh5 64. Kf3 a5 65. bxa5 Kg5 66. Ke4 Kg4 67. f3+ Kg3 68. a6 bxa6 69. a5 1-0

[Event "Western Asia-ch U20"]
[Site "Colombo"]
[Date "2023.12.04"]
[Round "8"]
[White "Harshavardhan, GB."]
[Black "Thilakarathne, GM Harshana"]
[Result "0-1"]
[WhiteElo "2390"]
[BlackElo "2389"]
[PlyCount "148"]
[EventDate "2023.11.30"]
[EventType "swiss"]
[EventRounds "9"]
[EventCountry "SRI"]
[SourceTitle "CB50_2023"]
[SourceDate "2023.12.13"]
[SourceVersion "1"]
[SourceVersionDate "2023.12.13"]
[SourceQuality "1"]

1. d4 Nf6 2. c4 e6 3. Nc3 Bb4 4. f3 d5 5. a3 Be7 6. e4 dxe4 7. fxe4 c5 8. d5 exd5 9. exd5 0-0 10. Be2 Re8 11. Nf3 Bg4 12. 0-0 Bd6 13. Nb5 a6 14. Nxd6 Qxd6 15. Nd4 Re4 16. Nf3 Nbd7 17. Bd3 Re7 18. Qc2 Bxf3 19. Rxf3 Re1+ 20. Rf1 Rxf1+ 21. Bxf1 Ng4 22. g3 Qf6 23. h3 Nge5 24. Qf2 Qg6 25. Qe3 h5 26. Bd2 h4 27. Bc3 Re8 28. g4 f5 29. g5 Nxc4 30. Qf2 Qxg5+ 31. Kh1 Nd6 32. Bg2 Qg3 33. Qxg3 hxg3 34. Bd2 Nf6 35. Rf1 Nfe4 36. Bf4 g5 37. Bxe4 Nxe4 38. Bc7 f4 39. d6 Nf6 40. h4 Re2 41. Kg1 gxh4 42. d7 Nxd7 43. Rxf4 Rxb2 44. Rxh4 g2 45. Rh5 Kf7 46. Rh7+ Ke6 47. Rh6+ Kf5 48. Rh5+ Ke4 49. Rh4+ Kd5 50. Rh6 Ke4 51. Rd6 Nf8 52. Rf6 Nh7 53. Rf4+ Kd5 54. Rf7 Ng5 55. Rf5+ Kc6 56. Rxg5 Kxc7 57. Rxc5+ Kb6 58. Rg5 Ra2 59. Rg3 Ka5 60. Rh3 b5 61. Rg3 Ka4 62. Rg6 a5 63. Rg4+ Kxa3 64. Rg3+ Ka4 65. Re3 b4 66. Re1 b3 67. Kh2 b2 68. Re4+ Kb3 69. Re8 b1Q 70. Rb8+ Kc2 71. Rc8+ Kd1 72. Rd8+ Rd2 73. Rg8 g1Q+ 74. Kh3 Rh2# 0-1

[Event "Sheikh Kamal Online Inv"]
[Site "Tornelo INT"]
[Date "2021.08.29"]
[Round "8"]
[White "Ali, Muhammad Lutfi"]
[Black "Thilakarathne, GM Harshana"]
[Result "1-0"]
[WhiteElo "2399"]
[BlackElo "2398"]
[PlyCount "77"]
[EventDate "2021.08.27"]
[EventType "tourn (rapid)"]
[EventRounds "9"]
[EventCountry "BAN"]
[SourceTitle "CBM 204 Extra"]
[Source "ChessBase"]
[SourceDate "2021.11.30"]
[SourceVersion "1"]
[SourceVersionDate "2021.11.30"]
[SourceQuality "1"]

1. e4 c5 2. Nf3 d6 3. Bb5+ Nd7 4. c3 Ngf6 5. Qe2 a6 6. Ba4 e6 7. 0-0 Be7 8. d4 cxd4 9. cxd4 0-0 10. Bb3 b5 11. e5 dxe5 12. dxe5 Nd5 13. Bxd5 exd5 14. e6 Nc5 15. exf7+ Rxf7 16. Nd4 Bf6 17. Be3 Qd6 18. Nd2 Bd7 19. Rac1 Re8 20. N2f3 Ne4 21. Qc2 Bd8 22. Nd2 Bb6 23. Nxe4 Rxe4 24. Qd2 Rf6 25. Rfe1 Bc7 26. g3 Bb6 27. f3 Re8 28. Bf4 Rxf4 29. Rxe8+ Bxe8 30. gxf4 Qf6 31. Rd1 Bh5 32. Qe3 h6 33. Kf1 Kh7 34. Qe5 Qh4 35. Kg2 Bg6 36. Rd2 Qd8 37. Ne6 Qe7 38. Ng5+ hxg5 39. Qxe7 1-0

[Event "Sheikh Kamal Online Inv"]
[Site "Tornelo INT"]
[Date "2021.08.29"]
[Round "7"]
[White "Thilakarathne, GM Harshana"]
[Black "Kobalia, Mihail"]
[Result "1-0"]
[WhiteElo "2398"]
[BlackElo "2594"]
[PlyCount "61"]
[EventDate "2021.08.27"]
[EventType "tourn (rapid)"]
[EventRounds "9"]
[EventCountry "BAN"]
[SourceTitle "CBM 204 Extra"]
[Source "ChessBase"]
[SourceDate "2021.11.30"]
[SourceVersion "1"]
[SourceVersionDate "2021.11.30"]
[SourceQuality "1"]

1. Nf3 d5 2. g3 Bg4 3. Bg2 c6 4. 0-0 Nf6 5. d4 e6 6. c4 Be7 7. Nc3 0-0 8. h3 Bh5 9. g4 Bg6 10. Ne5 Nbd7 11. Bf4 Nxe5 12. dxe5 Nd7 13. cxd5 exd5 14. e4 dxe4 15. Nxe4 Nc5 16. Nd6 Nd3 17. Bg3 Qb6 18. Nf5 Bxf5 19. gxf5 Rad8 20. f6 Bc5 21. fxg7 Rfe8 22. Qh5 Rd4 23. Rad1 Re6 24. Qf5 Nxb2 25. Rxd4 Bxd4 26. Be4 Rh6 27. e6 Bf6 28. exf7+ Kxg7 29. Qd7 Qd8 30. Bd6 Rg6+ 31. Kh1 1-0

[Event "Sheikh Kamal Online Inv"]
[Site "Tornelo INT"]
[Date "2021.08.28"]
[Round "5"]
[White "Thilakarathne, GM Harshana"]
[Black "Mohamad, Ervan"]
[Result "1-0"]
[WhiteElo "2398"]
[BlackElo "2356"]
[PlyCount "59"]
[EventDate "2021.08.27"]
[EventType "tourn (rapid)"]
[EventRounds "9"]
[EventCountry "BAN"]
[SourceTitle "CBM 204 Extra"]
[Source "ChessBase"]
[SourceDate "2021.11.30"]
[SourceVersion "1"]
[SourceVersionDate "2021.11.30"]
[SourceQuality "1"]

1. g3 d5 2. Bg2 c6 3. b3 Bf5 4. Bb2 e6 5. d3 Nf6 6. Nd2 h6 7. e4 Bh7 8. Qe2 Be7 9. f4 a5 10. a3 0-0 11. Ngf3 a4 12. b4 c5 13. b5 Qa5 14. 0-0 Qxb5 15. Bxf6 Bxf6 16. Rab1 Qa6 17. exd5 exd5 18. Ne5 b5 19. Bxd5 Ra7 20. Ne4 Bxe4 21. dxe4 c4 22. Ng4 Bd4+ 23. Kg2 Bc5 24. f5 Nd7 25. f6 Nxf6 26. Rxf6 gxf6 27. Nxh6+ Kh7 28. Nf5 Rh8 29. Qh5+ Kg8 30. Qg4+ 1-0

[Event "Sheikh Kamal Online Inv"]
[Site "Tornelo INT"]
[Date "2021.08.27"]
[Round "3"]
[White "Thilakarathne, GM Harshana"]
[Black "Hossain, Enamul"]
[Result "0-1"]
[WhiteElo "2398"]
[BlackElo "2402"]
[PlyCount "56"]
[EventDate "2021.08.27"]
[EventType "tourn (rapid)"]
[EventRounds "9"]
[EventCountry "BAN"]
[SourceTitle "CBM 204 Extra"]
[Source "ChessBase"]
[SourceDate "2021.11.30"]
[SourceVersion "1"]
[SourceVersionDate "2021.11.30"]
[SourceQuality "1"]

1. Nf3 d5 2. g3 g6 3. Bg2 Bg7 4. 0-0 e5 5. d3 Nc6 6. c4 dxc4 7. dxc4 e4 8. Qxd8+ Nxd8 9. Ng5 f5 10. f3 h6 11. Nh3 exf3 12. Bxf3 Ne7 13. Nf4 Ne6 14. Nc3 c6 15. Be3 Nxf4 16. gxf4 Be6 17. c5 0-0-0 18. Rac1 Nd5 19. Nxd5 Bxd5 20. Bxd5 Rxd5 21. b3 Re8 22. Kf2 Bd4 23. Bxd4 Rxd4 24. Kf3 Rd2 25. Rf2 Rxa2 26. Rg2 Rb2 27. Rc3 Re6 28. h4 h5 0-1

[Event "World Cup U18 Prel"]
[Site "Tornelo INT"]
[Date "2021.08.20"]
[Round "10"]
[White "Rodrigue Lemieux, Shawn"]
[Black "Thilakarathne, GM Harshana"]
[Result "1-0"]
[WhiteElo "2276"]
[BlackElo "2398"]
[PlyCount "87"]
[EventDate "2021.08.16"]
[EventType "swiss (rapid)"]
[EventRounds "10"]
[EventCountry "NET"]
[SourceTitle "CBM 203 Extra"]
[Source "ChessBase"]
[SourceDate "2021.09.30"]
[SourceVersion "1"]
[SourceVersionDate "2021.09.30"]
[SourceQuality "1"]

1. c4 e5 2. g3 f5 3. d4 e4 4. Bg2 Nf6 5. Nc3 c6 6. Bg5 h6 7. Bxf6 Qxf6 8. e3 d6 9. Nge2 g5 10. h4 Bg7 11. hxg5 hxg5 12. Rxh8+ Bxh8 13. g4 Na6 14. gxf5 Bxf5 15. Ng3 Be6 16. Ngxe4 Qe7 17. Qh5+ Kd7 18. Bh3 Bxh3 19. Qxh3+ Kc7 20. c5 dxc5 21. Qg3+ Kb6 22. Na4+ Kb5 23. Naxc5 Nxc5 24. Nxc5 Bxd4 25. Nb3 Rd8 26. Qg4 Bf6 27. Qf5+ Rd5 28. Qc2 a5 29. Rc1 Kb6 30. Ke2 Qb4 31. Rg1 a4 32. Nd2 Qb5+ 33. Nc4+ Ka7 34. Rg4 Rc5 35. Kf3 Bxb2 36. Kg2 a3 37. Qd3 Rd5 38. Qc2 Rc5 39. Qe4 Qb4 40. Qe7 Qb5 41. Nd6 Qa6 42. Ra4 Ra5 43. Rxa5 Qxa5 44. Qxb7# 1-0

[Event "World Cup U18 Prel"]
[Site "Tornelo INT"]
[Date "2021.08.18"]
[Round "5"]
[White "Thilakarathne, GM Harshana"]
[Black "Dushyant, Sharma"]
[Result "0-1"]
[WhiteElo "2398"]
[BlackElo "2261"]
[PlyCount "94"]
[EventDate "2021.08.16"]
[EventType "swiss (rapid)"]
[EventRounds "10"]
[EventCountry "NET"]
[SourceTitle "CBM 203 Extra"]
[Source "ChessBase"]
[SourceDate "2021.09.30"]
[SourceVersion "1"]
[SourceVersionDate "2021.09.30"]
[SourceQuality "1"]

1. Nf3 d5 2. g3 e6 3. Bg2 Nf6 4. 0-0 Be7 5. c4 0-0 6. b3 b6 7. Bb2 Bb7 8. d3 c5 9. cxd5 Nxd5 10. Nbd2 Bf6 11. Qc1 Nd7 12. a3 Bxb2 13. Qxb2 Qf6 14. Qxf6 N7xf6 15. Ne5 Rfd8 16. Rfc1 Rac8 17. a4 Ba8 18. a5 b5 19. a6 b4 20. Kf1 Nc3 21. Bxa8 Rxa8 22. Ndc4 Rac8 23. Na5 Rd6 24. Nb7 Rd5 25. f4 Nd7 26. Nc4 f6 27. Ra5 Kf8 28. Ne3 Rh5 29. h4 g5 30. fxg5 fxg5 31. Ng2 gxh4 32. Nxh4 Ke7 33. Ke1 Rg5 34. d4 Rxg3 35. dxc5 Rh3 36. Nf3 Rh1+ 37. Kd2 Ne4+ 38. Kc2 Ndxc5 39. Nxc5 Rxc1+ 40. Kxc1 Rxc5+ 41. Rxc5 Nxc5 42. Ne5 Nxa6 43. Nc6+ Kd6 44. Nd4 Nc5 45. Kc2 Kd5 46. Nb5 h5 47. Nxa7 h4 0-1

[Event "Wch FIDE Online U18 Asia qual"]
[Site "Tornelo INT"]
[Date "2020.12.13"]
[Round "7"]
[White "Thilakarathne, GM Harshana"]
[Black "Tan, Jun Ying"]
[Result "1-0"]
[WhiteElo "2398"]
[BlackElo "2165"]
[PlyCount "169"]
[EventDate "2020.12.11"]
[EventType "swiss (rapid)"]
[EventRounds "7"]
[EventCountry "ISS"]
[SourceTitle "EXT 2022"]
[Source "ChessBase"]
[SourceDate "2021.10.06"]
[SourceVersion "1"]
[SourceVersionDate "2021.10.06"]
[SourceQuality "1"]

1. e4 c5 2. Nf3 d6 3. d4 cxd4 4. Nxd4 Nf6 5. Nc3 Nc6 6. Bg5 e6 7. Qd2 a6 8. 0-0-0 h6 9. Nxc6 bxc6 10. Bf4 d5 11. Qe3 Bb4 12. Be2 0-0 13. e5 Nh7 14. a3 Ba5 15. h4 f5 16. Na4 c5 17. Qg3 Kh8 18. Nxc5 Bb6 19. Nd3 Rf7 20. Be3 Nf8 21. Nf4 Bxe3+ 22. Qxe3 Rb7 23. g4 fxg4 24. Rhg1 Rab8 25. b3 a5 26. a4 Bd7 27. Rxg4 Qe7 28. Rdg1 Qa3+ 29. Kd2 Be8 30. Bd3 Qb2 31. Ne2 g5 32. hxg5 h5 33. Rf4 Ng6 34. Rf6 Nxe5 35. Rxe6 Nxd3 36. Qxd3 Bf7 37. Re3 d4 38. Qxd4+ Qxd4+ 39. Nxd4 Rd7 40. Rd3 Rbd8 41. c3 Bxb3 42. g6 Bxa4 43. Rh3 Kg8 44. Rxh5 Bc6 45. Rxa5 Be4 46. Rh5 Rd6 47. g7 Bh7 48. f4 R8d7 49. Rhg5 Rf6 50. Ke3 Rff7 51. Re5 Rxg7 52. Reg5 Rxg5 53. Rxg5+ Kf7 54. c4 Re7+ 55. Re5 Ra7 56. Nb5 Ra4 57. Kd4 Bg8 58. Nd6+ Kf6 59. Ne4+ Kf7 60. Rc5 Ke7 61. Rc7+ Kd8 62. Rd7+ Kc8 63. Rg7 Be6 64. Nd6+ Kd8 65. f5 Bd7 66. f6 Ra1 67. f7 Ke7 68. f8Q+ Kxf8 69. Rxd7 Rd1+ 70. Kc5 Rh1 71. Kc6 Rh4 72. c5 Ra4 73. Kb7 Rb4+ 74. Kc7 Rb1 75. c6 Rc1 76. Kb7 Rb1+ 77. Kc8 Rc1 78. c7 Rb1 79. Kd8 Re1 80. c8Q Re8+ 81. Nxe8 Kg8 82. Qc4+ Kh8 83. Qh4+ Kg8 84. Qh7+ Kf8 85. Qf7# 1-0

[Event "Wch FIDE Online U18 Asia qual"]
[Site "Tornelo INT"]
[Date "2020.12.12"]
[Round "5"]
[White "Thilakarathne, GM Harshana"]
[Black "Tuazon, Marion Mikaelo O"]
[Result "1-0"]
[WhiteElo "2398"]
[BlackElo "1649"]
[PlyCount "65"]
[EventDate "2020.12.11"]
[EventType "swiss (rapid)"]
[EventRounds "7"]
[EventCountry "ISS"]
[SourceTitle "EXT 2022"]
[Source "ChessBase"]
[SourceDate "2021.10.06"]
[SourceVersion "1"]
[SourceVersionDate "2021.10.06"]
[SourceQuality "1"]

1. e4 e5 2. Nf3 Nc6 3. Bb5 a6 4. Ba4 Nf6 5. 0-0 b5 6. Bb3 Bb7 7. c3 d6 8. Re1 Be7 9. d4 0-0 10. Nbd2 Re8 11. Nf1 Bf8 12. Ng3 exd4 13. cxd4 Na5 14. Bc2 c5 15. d5 Nc4 16. b3 Nb6 17. Bg5 Nbd7 18. Qd2 h6 19. Bf4 Qb6 20. Nf5 Ne5 21. Nxe5 dxe5 22. Be3 Qc7 23. f3 Rad8 24. Rac1 Bc8 25. g4 Bxf5 26. gxf5 Kh7 27. Bd3 Rc8 28. Rc2 Qd6 29. Rec1 Qd7 30. Qa5 c4 31. bxc4 bxc4 32. Bxc4 Bc5 33. Bxc5 1-0